000
00319nam a22001457a 4500
008
210309b ||||| |||| 00| 0 eng d
020
_a
9781421405629
041
_a
eng
080
_a
7
082
_a
7
100
_a
44
101
_a
ART
245
_a
Studies in Eighteenth-Century Culture
_c
Cody,L
942
_2
udc
_c
BK
999
_c
56047
_d
56047